000 02097cam a22004934i 4500
003 PE-LiUPU
005 20250731173355.0
008 150706s2004 sp a r 000 0 spa d
020 _a8482673742
035 _a(Sirsi) i9788482673745
040 _aPE-LiUPU
_bspa
_cPE-LiUPU
_erda
049 _aPRUA
082 0 4 _a270.0903
_bD7
_221
245 0 0 _aDiccionario ilustrado de intérpretes de la fe /
_ceditor general Justo L. González.
264 1 _aTerrassa (Barcelona) :
_bClie,
_c2004.
300 _a492 páginas :
_bilustraciones ;
_c24 centímetros
336 _atext
_2rdacontent
337 _aunmediated
_2rdamedia
338 _avolume
_2rdacarrier
505 0 _aDiccionario ilustrado de intérpretes de la fe de la A la Z.
526 _aSEG42
526 _aSEG41
526 _aSEG40
526 _aSEG39
526 _aP94
526 _aP87
526 _aP86
526 _aP85
526 _aP77
526 _aP76
526 _aP35
541 _g001-0000480;
541 _g001-0000575;
650 0 4 _aReligiosos
_vDiccionarios.
700 1 _aGonzález Justo L.,
_eeditor.
910 _agl
_bjck
_d20101022
942 _2ddc
_cBOOK
949 _a270.0903 D7
_wDEWEY
_c1
_i62209
_d2015-11-22
_e2015-11-22
_lCCODEBUL1
_mBUL
_n5
_p14.00
_r0
_sY
_tBOOK
_u2015-7-6
_xTEOLOGIA
_PP35
_0COMPRA
_o.STAFF. Colección General
949 _a270.0903 D7
_wDEWEY
_c2
_i64862
_d2015-11-23
_e2015-11-22
_lCCODEBUL1
_mBUL
_n11
_p28.00
_r0
_sY
_tBOOK
_u2015-7-6
_xTEOLOGIA
_PP35
_0COMPRA
_o.STAFF. Colección General
994 _aC0
_bPEPRU
596 _a1
999 _a270.0903 D7
_wDEWEY
_c51285
_i62209
_d51285
_e2019-9-18
_f2021-11-11
_g5
_lCCODEBUL1
_mBUL
_n6
_p14.00
_q5
_r0
_sY
_tBOOK
_u2015-7-6
_xTEOLOGIA
_PP35
_0COMPRA
_o.STAFF. Colección Teología
999 _a270.0903 D7
_wDEWEY
_c2
_i64862
_d2015-11-23
_e2015-11-22
_f2021-11-11
_g5
_lCCODEBUL1
_mBUL
_n11
_p28.00
_r0
_sY
_tBOOK
_u2015-7-6
_xTEOLOGIA
_PP35
_0COMPRA
_o.STAFF. Colección Teología
980 _81
_gALBERTO SANCHEZ Responsable de Automatización